00509nam a2200181 a 4500001001300000003000900013005001700022008004100039020001000080082001500090100002200105245007600127260004500203300000800248500003500256650001400291700002200305nice12345678IN_TiNIC20260116015127.0071114s2001 rawa grp 000 0 eng  ac10000a261.2bMOG aMoghal, Dominique aLahu Ka Rang Ek Haib Samaji Awr Mazhabi Ham Aahangi Ke Haqiqi Tajrubat aRawalpindibChristian Study Centrec2001 a00p aincludes index and biblioraphy aPluralism1 aMoghal, Dominique